Pediatric epilepsy surgery / (Record no. 19347)

000 -LEADER
fixed length control field 01391cam a2200241Mi 4500
020 ## - INTERNATIONAL STANDARD BOOK NUMBER
ISBN 9783709113608 (electronic bk.)
020 ## - INTERNATIONAL STANDARD BOOK NUMBER
ISBN 3709113601 (electronic bk.)
040 ## - CATALOGING SOURCE
Transcribing agency MHW
082 04 - DEWEY DECIMAL CLASSIFICATION NUMBER
Classification number 618 STA 2007 C166 Or.
245 00 - TITLE STATEMENT
Title Pediatric epilepsy surgery /
300 ## - PHYSICAL DESCRIPTION
Number of Pages 1 online resource (214 pages).
490 1# - SERIES STATEMENT
Series statement Advances and technical standards in neurosurgery ;
520 ## - SUMMARY, ETC.
Summary, etc The contributions in this volume cover recent advances and changing concepts on diagnosis and treatment of resistant epilepsy in children. Topics treated are new insights on mechanisms of epileptogenesis in developing brain, multimodality imaging in pediatric intractable epilepsy, pediatric intractable epilepsy syndromes, pediatric temporal lobe epilepsy surgery, critical review of palliative surgical techniques for intractable epilepsy, treatment modalities for intractable epilepsy in hypothalamic hemartomas, contemporary management of epilepsy in tuberous sclerosis
650 #0 - SUBJECT ADDED ENTRY--TOPICAL TERM
Topical Term Epilepsy in children.
650 #0 - SUBJECT ADDED ENTRY--TOPICAL TERM
Topical Term Epilepsy in children
700 1# - ADDED ENTRY--PERSONAL NAME
Personal name Akalan, Nejat.
700 1# - ADDED ENTRY--PERSONAL NAME
Personal name Di Rocco, C.
710 2# - ADDED ENTRY--CORPORATE NAME
Corporate name or jurisdiction name as entry element Ohio Library and Information Network.
856 40 - ELECTRONIC LOCATION AND ACCESS
Uniform Resource Identifier http://rave.ohiolink.edu/ebooks/ebc/9783709113608
856 40 - ELECTRONIC LOCATION AND ACCESS
Uniform Resource Identifier http://dx.doi.org/10.1007/978-3-7091-1360-8
856 40 - ELECTRONIC LOCATION AND ACCESS
Uniform Resource Identifier http://proxy.ohiolink.edu:9099/login?url=http://dx.doi.org/10.1007/978-3-7091-1360-8
942 ## - ADDED ENTRY ELEMENTS (KOHA)
Koha item type ADB
952 ## - LOCATION AND ITEM INFORMATION (KOHA)
Withdrawn status [LOCAL, KOHA] 0
Holdings
Source of acquisition Permanent Location Date acquired Koha item type Lost status Shelving location Current Location Full call number
A34605Library Block C2020-09-28សៀវភៅភាសាអង់គ្លេស C166Library Block C618 STA 2007 C166 Or.
មជ្ឈមណ្ឌលឯការនៃសាកលវិទ្យាល័យភូមិន្ទកសិកម្មចំការដូង

Powered by Koha